Deutsche Marine-Schiffspost - Liferung 1 (Record no. 3377)
[ view plain ]
| 000 -LEADER | |
|---|---|
| fixed length control field | 00737nam a22000977a 4500 |
| 008 - FIXED-LENGTH DATA ELEMENTS--GENERAL INFORMATION | |
| fixed length control field | 220411b ||||| |||| 00| 0 eng d |
| 100 ## - MAIN ENTRY--AUTHOR'S NAME | |
| Author's Name | Crusemann, Friedrich |
| 245 ## - TITLE STATEMENT | |
| Title | Deutsche Marine-Schiffspost - Liferung 1 |
| Remainder of title | Handbuch und Poststempelkatalog |
| 260 ## - PUBLICATION, DISTRIBUTION, ETC. (IMPRINT) | |
| Place of publication, distribution, etc. | Dusseldorf, Germany |
| Name of publisher, distributor, etc. | Postempelgilde "Rhein Donau" e.V. Vereinigung der Sammler, Forscher und Prufer von Abstempelungen und von Sondergebieten der Deutschland-Philatelie, |
| Date of publication, distribution, etc. | 1959 |
| 650 ## - TOPICAL TERM (Tag) | |
| Topical term or geographic name | Germany. Kriegsmarine. | Germany | Military Mail | Maritime Mail | Postal History | 1895-1914 | Pre-World War I | Postal Service | Postal Markings | Postal Markings -- Naval | Covers | Covers -- Naval | Postal Rates | Postal Laws and Regulations | History | Shipping Companies and Packet Service |
No items available.